000 00466nam a2200181Ia 4500
001 22737
005 20260414150851.0
008 260414t2007||||xx |||||||||||||| ||spa||
041 _aESP
082 _a621.395
_bK54
100 _aKilts, Steve
_eAUT
245 0 _aAdvanced FPGA design :
_barchitecture, implementation, and optimization
260 _c2007
300 _axv, 336 páginas :
_c24 cm.
650 _aTCA
654 _aCET
942 _cLIB
_dJUS
_fJUS
_2ddc
_n
999 _c22737
_d22737